Cardiología clínica

Αποθηκεύτηκε σε:
Λεπτομέρειες βιβλιογραφικής εγγραφής
Άλλοι συγγραφείς: Bertomeu Martínez, Vicente (Επιμελητής έκδοσης), Chorro Gascó, Francisco Javier (Επιμελητής έκδοσης), García Civera, R. (Επιμελητής έκδοσης), López Merino, Vicente (Επιμελητής έκδοσης)
Μορφή: Ηλ. βιβλίο
Γλώσσα:Ισπανικά
Έκδοση: [Valencia] Universitat de València 2007.
Σειρά:Educació. Materials 100
Θέματα:
Διαθέσιμο Online:https://elibro.unach.elogim.com/es/lc/unach/titulos/292251
Ετικέτες: Προσθήκη ετικέτας
Δεν υπάρχουν, Καταχωρήστε ετικέτα πρώτοι!

MARC

LEADER 00000nam a2200000 i 4500
001 ELB292251
003 FINmELB
005 20251210173023.0
006 m o d |
007 cr cnu||||||||
008 260219s2007 sp a o 001 0 spa d
020 |a 9788437084565  |q (ebook) 
020 |z 9788437067155 
035 |a (OCoLC)991942350 
040 |a FINmELB  |b eng  |e rda  |c FINmELB 
050 4 |a RC667  |b .C373 2007 
080 |a 616.12 
082 0 4 |a 616.12  |2 23 
245 0 0 |a Cardiología clínica  |c Vicente Bertomeu [y otros 24] ; Francisco Javier Chorro Gascó, Roberto García Civera, Vicente López Merino, eds. 
264 1 |a [Valencia]  |b Universitat de València  |c 2007. 
300 |a 1 recurso en línea :  |b ilustraciones, gráficos 
336 |a texto  |b txt  |2 rdamedia/spa 
337 |a computadora  |b c  |2 rdamedia/spa 
338 |a recurso en línea  |b cr  |2 rdacarrier/spa 
490 1 |a Educació. Materials  |v 100 
504 |a Incluye referencias bibliográficas e índices 
588 |a Descripción basada en metadatos suministrados por el editor y otras fuentes. 
590 |a Recurso electrónico. Santa Fe, Arg.: elibro, 2026. Disponible vía World Wide Web. El acceso puede estar limitado para las bibliotecas afiliadas a elibro. 
650 4 |a Cardiología 
655 4 |a Libros electrónicos. 
700 1 |a Bertomeu Martínez, Vicente  |e editor 
700 1 |a Chorro Gascó, Francisco Javier  |e editor 
700 1 |a García Civera, R.  |e editor 
700 1 |a López Merino, Vicente  |e editor 
797 2 |a elibro, Corp. 
830 0 |a Educació. Materials  |v 100 
856 4 0 |u https://elibro.unach.elogim.com/es/lc/unach/titulos/292251